000 00399nam a2200169Ia 4500
001 16296
003 IN-NITTTR
005 20251114233154.0
008 251113s9999||||xx |||||||||||||| ||eng||
040 _beng
040 _cIN-NITTTR
041 _aeng
082 _a791.450232 Z57T R
100 _aZettl, Herbert
245 0 _aTelevision production handbook. /
_cZettl, Herbert
942 _2ddc
_cBK
999 _c18930
_d18930